|
|
|
|
| LEADER |
00841cam a2200265 7i4500 |
| 001 |
0000036740 |
| 005 |
20211216090000.0 |
| 007 |
##ta |
| 008 |
211216t20152015my a j 6 000 c may |
| 020 |
# |
# |
|a 9789670491790
|
| 040 |
# |
# |
|a MATR
|
| 090 |
0 |
0 |
|a FM 741.5
|b MIN
|
| 100 |
0 |
# |
|a Minaduki, Shinobu
|e author
|e illustrator
|
| 245 |
1 |
0 |
|a TANDAS HANATARO
|c Art & Story by Shinobu MINADUKI ; Translated by Ena.
|
| 264 |
# |
0 |
|a Kuala Lumpurb ART SQUARE CREATION SDN BHD,
|c 2015.
|
| 300 |
# |
# |
|a 128 pages:
|b illustrations;
|c 21 cm.
|
| 336 |
# |
# |
|a text
|2 rdacontent
|
| 337 |
# |
# |
|a unmediated
|2 rdamedia
|
| 338 |
# |
# |
|a volume
|2 rdacarrier
|
| 650 |
0 |
0 |
|a Malaysian fiction (Malay)
|
| 650 |
0 |
0 |
|a Malay fiction
|
| 650 |
# |
0 |
|a Comic books, strips, etc. --
|z Japan
|
| 650 |
# |
0 |
|a Comic books and teenagers
|
| 700 |
1 |
# |
|a Ena
|
| 999 |
|
|
|a 0000041630
|b Book
|c Book
|e BICplus
|